logo

Bir Sreshtho Munshi Abdur Rouf Library
Jhenaidah Cadet College

মনোসন্ধি: (Record no. 11599)

MARC details
000 -LEADER
fixed length control field 00775nam a2200241 a 4500
001 - CONTROL NUMBER
JCCL Control Number 11599
003 - CONTROL NUMBER IDENTIFIER
JCCL marc code BD-JhCC
005 - DATE AND TIME OF LATEST TRANSACTION
control field 20200705092644.0
008 - FIXED-LENGTH DATA ELEMENTS--GENERAL INFORMATION
fixed length control field 200705b20172019bg |||| ||a| 000 0 ben d
020 ## - INTERNATIONAL STANDARD BOOK NUMBER
International Standard Book Number 9789848040607
035 ## - SYSTEM CONTROL NUMBER
system control number (BD-JhCC)11599
040 ## - CATALOGING SOURCE
Original cataloging agency BD-JhCC
Modifying agency BD-JhCC
041 ## - LANGUAGE CODE
Language code of Book ben
082 ## - DEWEY DECIMAL CLASSIFICATION NUMBER
Classification number 158.3
Author mark and Year ISL 2019
100 ## - MAIN ENTRY--PERSONAL NAME
Personal name ইসলাম, আজহারুল
245 ## - TITLE STATEMENT
Title মনোসন্ধি:
Remainder of title মানসিক চাপ মোকাবিলার সহজ উপায় /
Statement of responsibility, etc আজহারুল ইসলাম ।
260 ## - PUBLICATION, DISTRIBUTION, ETC. (IMPRINT)
Place of publication, distribution, etc ঢাকা:
Name of publisher, distributor, etc আদর্শ;
Date of publication, distribution, etc ২০১৯.
300 ## - PHYSICAL DESCRIPTION
Pagination 93 p. :
Dimensions 22 cm.
650 ## - SUBJECT ADDED ENTRY--TOPICAL TERM
Topical term or geographic name as entry element Counseling psychology
650 ## - SUBJECT ADDED ENTRY--TOPICAL TERM
Topical term or geographic name as entry element Counseling--Vocational guidance
942 ## - ADDED ENTRY ELEMENTS (KOHA)
Source of classification or shelving scheme Dewey Decimal Classification
Koha item type Books
Holdings
Source of classification or shelving scheme Damaged status Not for loan Home library Current library Shelving location Date of accession Cost, normal purchase price Total Checkouts Full call number Barcode Date last seen Copy number Koha item type
Dewey Decimal Classification     JCC Rouf Library JCC Rouf Library General Stacks 07/05/2020 150.00   158.3 ISL 2019 15762 07/05/2020 C-1 Books

JCC Library | Contacts | JCC Home

Last Update on 23 September 2017
Copyright @ 2017-2020 JCC Rouf Library
Rouf Library, Jhenidah Cadet College (JCC), Bangladesh